ბათუმის შოთა რუსთაველის სახელმწიფო უნივერსიტეტის ბიბლიოთეკა

მამულო,სიცოცხლეო (ბიბ.ჩანაწერი № 43637)

000 -LEADER
fixed length control field 00729nam a2200229Ia 4500
001 - CONTROL NUMBER
control field 10372
003 - CONTROL NUMBER IDENTIFIER
control field GE_BSU
008 - FIXED-LENGTH DATA ELEMENTS--GENERAL INFORMATION
fixed length control field 181216s||||||||xx |||||||||||||| ||und||
040 ## - CATALOGING SOURCE
Transcribing agency GE_BSU
080 ## - UNIVERSAL DECIMAL CLASSIFICATION NUMBER
Universal Decimal Classification number 82-93:821.353.1-1
100 ## - MAIN ENTRY--PERSONAL NAME
Personal name ტაბიძე,გალაქტიონ
245 ## - TITLE STATEMENT
Title მამულო,სიცოცხლეო
245 ## - TITLE STATEMENT
Remainder of title ლექსების კრებული
245 ## - TITLE STATEMENT
Statement of responsibility, etc. რედ.ირ.აბაშიძე
260 ## - PUBLICATION, DISTRIBUTION, ETC.
Place of publication, distribution, etc. თბილისი
260 ## - PUBLICATION, DISTRIBUTION, ETC.
Name of publisher, distributor, etc. სახელგამი
260 ## - PUBLICATION, DISTRIBUTION, ETC.
Date of publication, distribution, etc. 1943
300 ## - PHYSICAL DESCRIPTION
Extent 56გვ.22სმ.
653 ## - INDEX TERM--UNCONTROLLED
Uncontrolled term ლექსების კრებული
653 ## - INDEX TERM--UNCONTROLLED
Uncontrolled term მამულო,სიცოცხლეო
942 ## - ADDED ENTRY ELEMENTS (KOHA)
Koha item type წიგნი
ეგზემპლარები
Withdrawn status Lost status Damaged status Not for loan Date acquired Barcode Date last seen Price effective from Koha item type
        2018-12-17 33949 2018-12-17 2018-12-17 წიგნი
        2018-12-17 33950 2018-12-17 2018-12-17 წიგნი
        2018-12-17 33951 2018-12-17 2018-12-17 წიგნი
        2018-12-17 33952 2018-12-17 2018-12-17 წიგნი